LEADER 00824nam0-22003011i-450- 001 990006482210403321 005 20001010 035 $a000648221 035 $aFED01000648221 035 $a(Aleph)000648221FED01 035 $a000648221 100 $a20001010d--------km-y0itay50------ba 101 0 $aita 105 $ay-------001yy 200 1 $a<>Modern History of Tanganika$fJohn Iliffe 210 $aCambridge$cCambridge University Press$d1979. 215 $aXIV, 616 p.$d22 cm 225 1 $aAfrican studies series$v25 676 $a967.8 700 1$aIliffe,$bJohn$0243709 801 0$aIT$bUNINA$gRICA$2UNIMARC 901 $aBK 912 $a990006482210403321 952 $aCOLLEZ. 334 (25)$b12910$fFSPBC 959 $aFSPBC 996 $aModern History of Tanganika$9652702 997 $aUNINA DB $aGEN01 LEADER 01320nam--2200397---450- 001 990006004000203316 005 20150212104125.0 035 $a000600400 035 $aUSA01000600400 035 $a(ALEPH)000600400USA01 035 $a000600400 100 $a20150204d1898----km-y0itay50------ba 101 0 $afre 102 $aFR 105 $a||||||||001yy 200 1 $a<>individualisation de la peine$eétude de criminalité sociale$fpar R. Saleilles$gprécédé d'une préface de M. G. Tarde 210 $aParis$cFélix Alcan$d1898 215 $aVI, 281 p.$d22 cm 225 2 $aBibliothèque générale des sciences sociales 410 0$12001$aBibliothèque générale des sciences sociales 606 0 $aPene$2BNCF 676 $a345.0773 700 1$aSALEILLES,$bRaymond$f<1855-1912>$0236533 702 1$aTARDE,$bGabriel 801 0$aIT$bsalbc$gISBD 912 $a990006004000203316 951 $aXV.2.C. 209$b5751 F.C.$cXV.2.$d366686 959 $aBK 969 $aCUOMO 979 $aMAIORANO$b90$c20150204$lUSA01$h0938 979 $aMAIORANO$b90$c20150204$lUSA01$h0955 979 $aANNAMARIA$b90$c20150204$lUSA01$h1217 979 $aANNAMARIA$b90$c20150204$lUSA01$h1219 979 $aMANZOP$b90$c20150212$lUSA01$h1041 996 $aIndividualisation de la peine$9586918 997 $aUNISA